| 000 | 01395pam a2200313 a 4500 | ||
|---|---|---|---|
| 999 |
_c99726 _d99726 |
||
| 001 | 2014515 | ||
| 003 | ARRUPE | ||
| 005 | 20170927121742.0 | ||
| 008 | 910528s1991 enka b 001 0 eng | ||
| 010 | _a 91020109 | ||
| 020 | _a0521411211 | ||
| 040 |
_aDLC _cDLC _dDLC |
||
| 043 | _ae-uk--- | ||
| 050 | 0 | 0 |
_aGN308.3.G7 _bK85 1991 |
| 082 | 0 | 0 |
_a301/.0941/09034 _220 |
| 100 | 1 |
_aKuklick, Henrika. _936413 |
|
| 245 | 1 | 4 |
_aThe savage within : _bthe social history of British anthropology, 1885-1945 / _cHenrika Kuklick. |
| 260 |
_aCambridge ; _aNew York : _bCambridge University Press, _c1991. |
||
| 300 |
_aix, 325 p. : _bill. ; _c24 cm. |
||
| 504 | _aIncludes bibliographical references and index. | ||
| 650 | 0 |
_aEthnology _zGreat Britain _xHistory _y19th century. _936411 |
|
| 650 | 0 |
_aEthnology _zGreat Britain _xHistory _y20th century. _936414 |
|
| 856 | 4 | 1 |
_3Sample text _uhttp://www.loc.gov/catdir/samples/cam051/91020109.html |
| 856 | 4 | 2 |
_3Publisher description _uhttp://www.loc.gov/catdir/description/cam041/91020109.html |
| 856 | 4 | 1 |
_3Table of contents only _uhttp://www.loc.gov/catdir/enhancements/fy0803/91020109-t.html |
| 906 |
_a7 _bcbc _corignew _d1 _eocip _f19 _gy-gencatlg |
||
| 942 |
_2lcc _cMONOGRAPH |
||